| 000 | 00722nam a22001577a 4500 | ||
|---|---|---|---|
| 003 | OSt | ||
| 005 | 20160401105721.0 | ||
| 008 | 160401b xxu||||| |||| 00| 0 eng d | ||
| 040 | _cRUA | ||
| 082 | _aAGR KHA 2010 B472 Or.1 | ||
| 100 |
_98298 _aKHAN KOSAL; ខាន់ កុសល |
||
| 245 | _aEffect of seed priming with various fti-7 fertilizer concentrations on seed quality of ir 66 rice; ឥទ្ធិពលនៃការត្រាំគ្រាប់ក្នុងកំហាប់ជីអេហ្វធីអាយ៧ លើដំណុះនៃគ្រាប់ពូជស្រូវអ៊ីអ៊ែ៦៦ | ||
| 260 |
_aPhnom Penh _bRUA _c2010 |
||
| 300 |
_axii;56p. _bill. _c29cm. |
||
| 942 |
_2ddc _cAGR |
||
| 999 |
_c7935 _d7935 |
||